000
00257nam a22001097a 4500
008
170119b xxu||||| |||| 00| 0 eng d
020
_a
9780323018968
041
_a
eng
080
_2
3RD
_a
618.2
245
_a
MEDICAL-SURGICAL NURSING
_c
DIRKSEN
942
_2
udc
_c
BK
999
_c
3161
_d
3161